| 000 | 00615nam a2200229 a 4500 | ||
|---|---|---|---|
| 001 | 20105 | ||
| 003 | CO-ViMGA | ||
| 008 | 141112s2004 ck r 000 u spa d | ||
| 020 | _a9582001674 | ||
| 040 |
_aCO-ViMGA _bspa _cCO-ViMGA |
||
| 082 | 0 | 4 | _aTORp |
| 100 | 1 |
_aTorres, Ivan _93161 |
|
| 245 | 1 | 0 |
_aPalabras abiertas : _bnarración oral |
| 260 |
_aBogotá : _bMagisterio, _c1995 |
||
| 300 | _a106 p. | ||
| 490 | 0 | _aMontaña magica | |
| 590 | _aForma de adquisición : Premio Mincultura | ||
| 650 | 1 | 4 |
_aCUENTOS INFANTILES _92743 |
| 650 | 1 | 4 | _aLEYENDAS |
| 650 | 1 | 4 |
_aNARRACION DE CUENTOS _93163 |
| 942 |
_2ddc _cBK |
||
| 999 |
_c9776 _d9776 |
||